| 000 | 00698cam a22002413a 4500 | ||
|---|---|---|---|
| 001 | 18477 | ||
| 003 | PGUSA | ||
| 005 | 20140828083407.0 | ||
| 008 | 060531s2006||||xxu|||||s|||||000 | eng d | ||
| 040 |
_aPGUSA _beng |
||
| 042 | _adc | ||
| 050 | 4 | _aLB | |
| 100 | 1 |
_aPyle, William Henry, _d1875- |
|
| 245 | 1 | 4 |
_aThe Science of Human Nature : _bA Psychology for Beginners _h[electronic resource] / _cWilliam Henry Pyle |
| 260 |
_bProject Gutenberg, _c2006 |
||
| 506 | _aPublic domain in the USA. | ||
| 516 | _aElectronic text | ||
| 653 | _aEducational psychology | ||
| 653 | _aPsychology | ||
| 830 | 0 |
_aProject Gutenberg _v18477 |
|
| 856 | 4 | 0 | _uhttp://www.gutenberg.org/ebooks/18477 |
| 942 | _cEB | ||
| 999 |
_c247732 _d247732 |
||